| 000 | 00318nam a22001337a 4500 | ||
|---|---|---|---|
| 020 | _qHB. | ||
| 040 | _cFIZZA ISHAQ | ||
| 082 |
_a005.73 _bSAH |
||
| 100 |
_aSAHA. _991509 |
||
| 245 |
_aADVANCED DATA STRUCTURE THEORY AND APPLICATION / _cSAHA. |
||
| 260 |
_aCRC PRESS ; _c2020. |
||
| 300 | _a238 P. ; | ||
| 942 |
_2ddc _cBK |
||
| 999 |
_c589625 _d589625 |
||